Inundated forest in pursat province, ព្រៃលិចទឹកក្នុងខេត្តពោធិសាត់. (Record no. 3532)
[ view plain ]
| 000 -LEADER | |
|---|---|
| fixed length control field | 00507nam a22001577a 4500 |
| 003 - CONTROL NUMBER IDENTIFIER | |
| control field | OSt |
| 005 - DATE AND TIME OF LATEST TRANSACTION | |
| control field | 20151117145139.0 |
| 008 - FIXED-LENGTH DATA ELEMENTS--GENERAL INFORMATION | |
| fixed length control field | 151117b xxu||||| |||| 00| 0 eng d |
| 040 ## - CATALOGING SOURCE | |
| Transcribing agency | RUA |
| 082 ## - DEWEY DECIMAL CLASSIFICATION NUMBER | |
| Classification number | FIS ម៉ែន 1992 B146 Or.1 |
| 100 ## - MAIN ENTRY--PERSONAL NAME | |
| 9 (RLIN) | 3799 |
| Personal name | ម៉ែន សុខា |
| 245 ## - TITLE STATEMENT | |
| Title | Inundated forest in pursat province, ព្រៃលិចទឹកក្នុងខេត្តពោធិសាត់. |
| 260 ## - PUBLICATION, DISTRIBUTION, ETC. (IMPRINT) | |
| Place of publication, distribution, etc. | Phnom Penh |
| Name of publisher, distributor, etc. | RUA |
| Date of publication, distribution, etc. | 1992 |
| 300 ## - PHYSICAL DESCRIPTION | |
| Extent | 122p. |
| Other physical details | ill. |
| Dimensions | 29cm. |
| 942 ## - ADDED ENTRY ELEMENTS (KOHA) | |
| Source of classification or shelving scheme | |
| Koha item type | FIS |
| Price effective from | Date last seen | Permanent Location | Not for loan | Date acquired | Source of classification or shelving scheme | Koha item type | Lost status | Withdrawn status | Total Renewals | Date last checked out | Total Checkouts | Shelving location | Damaged status | Barcode | Current Location | Full call number |
|---|---|---|---|---|---|---|---|---|---|---|---|---|---|---|---|---|
| 2015-11-17 | 2015-11-17 | Library Block B | 2015-11-17 | FIS | B146 | RUA020969 | Library Block B | FIS ម៉ែន 1992 B146 Or.1 | ||||||||
| 2015-11-17 | 2026-02-18 | Library Block B | 2015-11-17 | FIS | 2022-10-05 | 1 | B146 | RUA020745 | Library Block B | FIS ម៉ែន 1992 B146 Or.2 | ||||||
| 2015-11-17 | 2015-11-17 | Library Block B | 2015-11-17 | FIS | B146 | RUA021042 | Library Block B | FIS ម៉ែន 1992 B146 Or.3 | ||||||||
| 2015-11-17 | 2021-02-01 | Library Block B | 2015-11-17 | FIS | 2021-01-13 | 1 | B146 | RUA020905 | Library Block B | FIS ម៉ែន 1992 B146 Or.4 | ||||||
| 2015-11-17 | 2015-11-17 | Library Block B | 2015-11-17 | FIS | B146 | RUA020817 | Library Block B | FIS ម៉ែន 1992 B146 Or.5 | ||||||||
| 2015-11-17 | 2022-11-29 | Library Block B | 2015-11-17 | FIS | 1 | 2022-10-05 | 3 | B146 | RUA020889 | Library Block B | FIS ម៉ែន 1992 B146 Or.6 | |||||
| 2015-11-17 | 2022-11-01 | Library Block B | 2015-11-17 | FIS | 2022-10-05 | 3 | B146 | RUA021033 | Library Block B | FIS ម៉ែន 1992 B146 Or.7 |